000 00676nam a22001817a 4500
003 BUBTL
008 190429b xxu||||| |||| 00| 0 eng d
020 _a984-465-027-9
082 _a954.92 / ALG
100 _92306
_aআলম, মাহবুব
245 _aগেরিলা থেকে সম্মুখ যুদ্ধে ( দ্বিতীয় খণ্ড ) /
_cমাহবুব আলম
260 _aঢাকা :
_bসাহিত্য প্রকাশ.
_cc2008
300 _a589 p. :
_c22 cm.
650 0 _91755
_aমুক্তিযুদ্ধ
856 _k0
_l0
_yDownload
942 _2ddc
_cBK
999 _c6003
_d6003